000
00300nam a2200121Ia 4500
008
191201s2015 xx 000 0 und d
100
_a
TAHA,Hamdy A
245
0
_a
Operations Research : An Introduction
260
_a
N. Delhi
_b
Pearson
_c
2015
300
_a
816
650
_a
B.Tech(CE)
942
_2
ddc
_c
BK
999
_c
6517
_d
6517